Catholic University of Zimbabwe Library
Online Public Access Catalogue
(OPAC)

Philosophy for Militants (Record no. 27061)

MARC details
000 -LEADER
fixed length control field 02766cam a22004454a 4500
001 - CONTROL NUMBER
control field muse87210
003 - CONTROL NUMBER IDENTIFIER
control field MdBmJHUP
005 - DATE AND TIME OF LATEST TRANSACTION
control field 20210127151810.0
006 - FIXED-LENGTH DATA ELEMENTS--ADDITIONAL MATERIAL CHARACTERISTICS
fixed length control field m o d
007 - PHYSICAL DESCRIPTION FIXED FIELD--GENERAL INFORMATION
fixed length control field cr||||||||nn|n
008 - FIXED-LENGTH DATA ELEMENTS--GENERAL INFORMATION
fixed length control field 200729r20202016xxu o 00 0 eng d
020 ## - INTERNATIONAL STANDARD BOOK NUMBER
International Standard Book Number 9780998531823
035 ## - SYSTEM CONTROL NUMBER
System control number (OCoLC)1188992346
040 ## - CATALOGING SOURCE
Original cataloging agency MdBmJHUP
Transcribing agency MdBmJHUP
050 #4 - LIBRARY OF CONGRESS CALL NUMBER
Classification number BJ1012
Item number .M867 2017
100 1# - MAIN ENTRY--PERSONAL NAME
Personal name Munro, M.
Fuller form of name (Michael),
Relator term author.
245 00 - TITLE STATEMENT
Title Philosophy for Militants
Statement of responsibility, etc. M. Munro.
264 #1 - PRODUCTION, PUBLICATION, DISTRIBUTION, MANUFACTURE, AND COPYRIGHT NOTICE
Name of producer, publisher, distributor, manufacturer Project Muse,
264 #3 - PRODUCTION, PUBLICATION, DISTRIBUTION, MANUFACTURE, AND COPYRIGHT NOTICE
Name of producer, publisher, distributor, manufacturer Project MUSE,
300 ## - PHYSICAL DESCRIPTION
Extent 1 online resource (52 pages)
500 ## - GENERAL NOTE
General note Issued as part of book collections on Project MUSE.
504 ## - BIBLIOGRAPHY, ETC. NOTE
Bibliography, etc. note Includes bibliographical references (pages 45-52).
505 0# - FORMATTED CONTENTS NOTE
Formatted contents note Preface. Note toward a theory of the militant -- The untranslatable : triptych on a sentence by Rey Chow -- The thing itself -- The return to philology -- The lion and the ball : on the secret of language -- Place without description, or, thinking with poems -- "Utopia is the very topia of things" : on parables -- "To believe in this world" : immanence and militancy.
506 0# - RESTRICTIONS ON ACCESS NOTE
Terms governing access Open Access
Standardized terminology for access restriction Unrestricted online access
Source of term star
520 ## - SUMMARY, ETC.
Summary, etc. "No longer imminent, the End is immanent." "Ends are ends," Frank Kermode goes on to clarify, "only when they are not negative but frankly transfigure the events in which they were immanent." From its imminence to its immanence, not "negative," "no longer," but transformative, how is "the End" in turn "transfigured"? In what may ending be said then to consist? To "the end times" of apocalypse and eschatology Giorgio Agamben, following Gianni Carchia, opposes messianism and "messianic time"--to the end of time, in a formula, the time of the end. To the writings of those for whom to philosophize is to learn how to die--from Plato to Montaigne and beyond--one may oppose, in like manner, the writings of Spinoza, who "thinks of death least of all things"--"for nature is Messianic by reason of its eternal and total passing away," as Benjamin writes--and so in whose pages "wisdom," transfigured, "is a meditation on life."
588 ## - SOURCE OF DESCRIPTION NOTE
Source of description note Description based on print version record.
650 #0 - SUBJECT ADDED ENTRY--TOPICAL TERM
Topical term or geographic name entry element Ethics.
650 #0 - SUBJECT ADDED ENTRY--TOPICAL TERM
Topical term or geographic name entry element Philosophy
General subdivision Political aspects.
655 #0 - INDEX TERM--GENRE/FORM
Genre/form data or focus term Electronic books.
655 #7 - INDEX TERM--GENRE/FORM
Genre/form data or focus term Electronic books.
Source of term local
710 2# - ADDED ENTRY--CORPORATE NAME
Corporate name or jurisdiction name as entry element Project Muse,
Relator term distributor.
776 18 - ADDITIONAL PHYSICAL FORM ENTRY
Relationship information Print version:
International Standard Book Number 9780998531823
710 2# - ADDED ENTRY--CORPORATE NAME
Corporate name or jurisdiction name as entry element Project Muse.
Relator term distributor
830 #0 - SERIES ADDED ENTRY--UNIFORM TITLE
Uniform title Book collections on Project MUSE.
856 40 - ELECTRONIC LOCATION AND ACCESS
Public note Full text available:
Uniform Resource Identifier <a href="https://muse.jhu.edu/book/76525/">https://muse.jhu.edu/book/76525/</a>
Holdings
Withdrawn status Lost status Source of classification or shelving scheme Damaged status Not for loan Home library Current library Shelving location Date acquired Total Checkouts Full call number Date last seen Uniform Resource Identifier Price effective from Koha item type
          Digital Library Digital Library Online Access 27.01.2021   BJ1012 .M867 2017 27.01.2021 https://muse.jhu.edu/book/76525/ 27.01.2021 eBook

OPENING HOURS

Weekdays: 0815hrs - 1800hrs
Weekends:0900hrs - 1200hrs

Closed for Mass:

Mon, Thur: 1200hrs - 1300hrs
Sunday & Public Holiday’s

CALL SUPPORT

0242-570570, 0242-570169
09200664, +263 8644140602

LOCATION

18443, Cranborne Avenue, Hatfield, Harare

Other Links


©2021 | CUZ Library